000 00515nam a2200181Ia 4500
005 20250326141913.0
008 250326s9999 xx 000 0 und d
037 _aTextbook
040 _aFMSL
_beng
_cFMSL
041 _aeng
_2eng
084 _qFMSL
100 _aMainiero L A
_9743915
245 0 _aDevelopment managerial skills in organizational behavior
_cMainiero L A; Tromley C L
260 _aEnglewood
_bEnglewood, Prentice Hall
_c1989
300 _a463p
942 _cTB
999 _c1292535
_d1292535